Matematika II. /

Salvato in:
Dettagli Bibliografici
Autori principali: Budinský, Bruno (Autore), Charvát, Jura (Autore)
Natura: Libro
Lingua:ceco
Pubblicazione: Praha : SNTL, 1990
Tags: Aggiungi Tag
Nessun Tag, puoi essere il primo ad aggiungerne!!

MARC

LEADER 00000nam a22000003a 4500
001 stu27380
005 20240201133744.3
008 940218s1990----cs------------------cze-d
020 |a 80-03-00219-2 
040 |a STU  |b slo 
041 0 |a cze 
044 |a cs 
080 |a 51(075.8) 
100 1 |a Budinský, Bruno  |4 aut 
245 1 |a Matematika II. /  |c [aut]Budinský,Bruno;Charvát,Jura 
260 |a Praha :  |b SNTL,  |c 1990 
300 |a 436 s 
700 1 |a Charvát, Jura  |4 aut 
996 |b 284V001455  |c V*41760/O-17763a  |l VVS  |s A  |a 24  |w stu27380_0001 
996 |b 284V027511  |c V*41759/O-17763  |l VVT  |s A  |a 24  |w stu27380_0003 
996 |b 284V041204  |c V* 52983/O-24143  |l VVS  |s A  |a 24  |w stu27380_0004